| 000 | 02374 a2200193 4500 | ||
|---|---|---|---|
| 999 |
_c10819 _d10819 |
||
| 020 | _a9780128030905 | ||
| 050 |
_aQD96 _b.ANN 2015 |
||
| 100 |
_aWebb, Graham _eeditor |
||
| 245 |
_aAnnual reports on NMR spectroscopy : _b Volume 85 / _cGraham A. Webb |
||
| 264 |
_a Amsterdam [Netherlands]: _bAcademic Press, _c, 2015 |
||
| 300 | _a1 online resource (261 pages) : illustrations. | ||
| 336 |
_1text _brdacontent |
||
| 337 |
_1unmediated _an _brdamedia |
||
| 338 |
_1volume _anc _brdacarrier |
||
| 504 | _alncludes index and bibliography | ||
| 505 | _a | ||
| 650 | _aNuclear magnetic resonance spectroscopy | ||
| 942 |
_2lcc _cBK _h96 _iANN _kQD |
||